[Event "FIDE Grand Prix 1213"]
[Site "Parigi"]
[Date "22.09.2013"]
[Round "1"]
[White "Caruana, Fabiano"]
[Black "Bacrot, Etienne"]
[Result "1/2-1/2"]
[WhiteTitle "GM"]
[BlackTitle "GM"]
[WhiteElo "2779"]
[BlackElo "2723"]
[WhiteFideId "2020009"]
[BlackFideId "605506"]
[EventDate "2013.09.22"]

1. e4 e5 2. Nf3 Nc6 3. d4 exd4 4. Nxd4 Nf6 5. Nxc6 bxc6 6. e5 Qe7 7. Qe2 Nd5 8.
c4 Nb6 9. Nc3 Qe6 10. Qe4 Bb4 11. Bd2 Ba6 12. b3 Bxc3 13. Bxc3 d5 14. Qf3 dxc4
15. Be2 O-O 16. O-O Rad8 17. Rac1 c5 18. Rfd1 h6 19. Ba1 Rfe8 20. Qg3 Qg6 21.
Qxg6 fxg6 22. h4 Bc8 23. bxc4 Be6 24. Kf1 Kf7 25. Rxd8 Rxd8 26. Ke1 g5 27. h5 c6
28. Rc3 Rd7 29. Bd3 Ke7 30. f3 Na4 31. Ra3 Nb6 32. Rc3 Na4 33. Rb3 Nb6 1/2-1/2

[Event "FIDE Grand Prix 1213"]
[Site "Parigi"]
[Date "22.09.2013"]
[Round "1"]
[White "Ivanchuk, Vassily"]
[Black "Dominguez Perez, Leinier"]
[Result "1/2-1/2"]
[WhiteTitle "GM"]
[BlackTitle "GM"]
[WhiteElo "2731"]
[BlackElo "2757"]
[WhiteFideId "14100010"]
[BlackFideId "3503240"]
[EventDate "2013.09.22"]

1. c4 e6 2. Nc3 d5 3. d4 Nf6 4. Nf3 Nbd7 5. e3 Be7 6. b3 O-O 7. Bb2 b6 8. cxd5
exd5 9. Bd3 Bb7 10. O-O Re8 11. Rc1 Bf8 12. Ne2 c6 13. Ng3 Bd6 14. Re1 g6 15.
Nd2 Rc8 16. Rc2 Bf8 17. Nf3 Bd6 18. Nd2 Bf8 19. Nf3 Bd6 1/2-1/2

[Event "FIDE Grand Prix 1213"]
[Site "Parigi"]
[Date "23.09.2013"]
[Round "2"]
[White "Tomashevsky, Evgeny"]
[Black "Gelfand, Boris"]
[Result "1/2-1/2"]
[WhiteTitle "GM"]
[BlackTitle "GM"]
[WhiteElo "2703"]
[BlackElo "2764"]
[WhiteFideId "4147235"]
[BlackFideId "2805677"]
[EventDate "2013.09.22"]

1. d4 Nf6 2. c4 g6 3. Nc3 d5 4. Nf3 Bg7 5. e3 O-O 6. Be2 c5 7. dxc5 Qa5 8. cxd5
Nxd5 9. Qxd5 Bxc3+ 10. Bd2 Rd8 11. Qxd8+ Qxd8 12. Bxc3 Nd7 13. Rd1 Qc7 14. O-O
Nxc5 15. Be5 Qb6 16. Bd4 Qa5 17. Bc3 Qb6 18. Bd4 Qa5 19. Bc3 Qb6 20. Bd4 1/2-1/2

[Event "FIDE Grand Prix 1213"]
[Site "Parigi"]
[Date "23.09.2013"]
[Round "2"]
[White "Bacrot, Etienne"]
[Black "Ivanchuk, Vassily"]
[Result "1/2-1/2"]
[WhiteTitle "GM"]
[BlackTitle "GM"]
[WhiteElo "2723"]
[BlackElo "2731"]
[WhiteFideId "605506"]
[BlackFideId "14100010"]
[EventDate "2013.09.22"]

1. d4 d5 2. c4 e6 3. Nf3 c6 4. e3 Bd6 5. Be2 Nf6 6. b3 O-O 7. Bb2 b6 8. Nc3 Nbd7
9. Qc2 Bb7 10. O-O Qe7 11. e4 Nxe4 12. Nxe4 dxe4 13. Qxe4 Nf6 14. Qh4 Ba3 15.
Bc3 Bb4 16. Bb2 Ba3 17. Bc3 Bb4 18. Bb2 1/2-1/2

[Event "FIDE Grand Prix 1213"]
[Site "Parigi"]
[Date "23.09.2013"]
[Round "2"]
[White "Wang, Hao"]
[Black "Caruana, Fabiano"]
[Result "1/2-1/2"]
[WhiteTitle "GM"]
[BlackTitle "GM"]
[WhiteElo "2736"]
[BlackElo "2779"]
[WhiteFideId "8602883"]
[BlackFideId "2020009"]
[EventDate "2013.09.22"]

1. d4 Nf6 2. c4 g6 3. Nc3 d5 4. Nf3 Bg7 5. cxd5 Nxd5 6. Na4 O-O 7. e4 Nb6 8. Be3
Nxa4 9. Qxa4 c5 10. Rd1 Qb6 11. Rd2 Bd7 12. Qa3 cxd4 13. Nxd4 Qc7 14. Be2 Bc6
15. O-O Bxe4 16. Nb5 Qc6 17. f3 Bd5 18. Qxe7 Re8 19. Qg5 Na6 20. Qxd5 Qxd5 21.
Rxd5 Rxe3 22. Bc4 Re7 23. Rd2 Bh6 24. f4 Nc5 25. g3 a5 26. Rd5 Ne4 27. Rfd1 Bf8
28. Rd8 Rxd8 29. Rxd8 Kg7 30. Kg2 Nf6 31. Kf3 Rd7 32. Rxd7 Nxd7 33. Nc7 Bc5 34.
Bb5 Nf6 35. Ne8+ Nxe8 36. Bxe8 Kf8 37. Bb5 Kg7 38. Be8 Kf8 39. Bb5 Kg7 40. Ke4 1/2-1/2

[Event "FIDE Grand Prix 1213"]
[Site "Parigi"]
[Date "23.09.2013"]
[Round "2"]
[White "Fressinet, Laurent"]
[Black "Grischuk, Alexander"]
[Result "1-0"]
[WhiteTitle "GM"]
[BlackTitle "GM"]
[WhiteElo "2708"]
[BlackElo "2785"]
[WhiteFideId "608742"]
[BlackFideId "4126025"]
[EventDate "2013.09.22"]

1. d4 Nf6 2. c4 e6 3. Nf3 b6 4. Bf4 Bb4+ 5. Nfd2 Bb7 6. a3 Be7 7. Nc3 Nh5 8. Bg3
d6 9. e3 g6 10. d5 Nd7 11. Qc2 Nxg3 12. hxg3 Bf6 13. O-O-O Qe7 14. Be2 O-O-O 15.
Nb3 Bxc3 16. Qxc3 Qf6 17. Qxf6 Nxf6 18. Bf3 exd5 19. cxd5 h5 20. Rd4 Rde8 21.
Nd2 Ng4 22. Bxg4+ hxg4 23. Rg1 Rh5 24. e4 f5 25. f3 fxe4 26. fxe4 Ba6 27. Nb1
Rf8 28. Nc3 Rh7 29. b4 Kd8 30. b5 Bb7 31. Kd2 a6 32. Ke3 Kd7 33. Rc1 Rh2 34. Rd2
Rh7 35. Rdc2 Kd8 36. a4 g5 37. Ra1 Re7 38. Kd4 Bc8 39. a5 bxa5 40. bxa6 Bxa6 41.
Rxa5 Bc8 42. Ra8 Rfe8 43. Kd3 Re5 44. Nb5 1-0

[Event "FIDE Grand Prix 1213"]
[Site "Parigi"]
[Date "25.09.2013"]
[Round "4"]
[White "Grischuk, Alexander"]
[Black "Caruana, Fabiano"]
[Result "1/2-1/2"]
[WhiteTitle "GM"]
[BlackTitle "GM"]
[WhiteElo "2785"]
[BlackElo "2779"]
[WhiteFideId "4126025"]
[BlackFideId "2020009"]
[EventDate "2013.09.22"]

1. Nf3 Nf6 2. d4 g6 3. c4 Bg7 4. e3 O-O 5. Be2 d6 6. Nc3 Nbd7 7. O-O e5 8. Qc2
Re8 9. Rd1 e4 10. Nd2 Qe7 11. b4 Nf8 12. Bb2 h5 13. Rac1 Bf5 14. Nb3 N8h7 15. d5
h4 16. Nd4 Bd7 17. c5 dxc5 18. bxc5 Qxc5 19. Qb3 Qb6 20. Ncb5 c5 21. dxc6 bxc6
22. Nd6 Rf8 23. Ba3 Qxb3 24. axb3 Rfb8 25. Nxc6 Bxc6 26. Rxc6 Rxb3 27. Bc5 Ng5
28. Bc4 Rbb8 29. Nxf7 Nxf7 30. Rc7 Rf8 31. Bxf8 Rxf8 32. Rxa7 Ng4 33. Bd5 Bh6
34. Re7 Bg5 35. Rxe4 Nf6 36. Red4 Nxd5 37. Rxd5 h3 38. f4 Bd8 39. gxh3 Bb6 40.
Kf2 Nh6 41. Kf3 Nf5 42. e4 Ne3 43. Rd6 Nxd1 44. Rxg6+ Kf7 45. Rxb6 Rh8 46. Rb7+
Kf6 47. e5+ Kf5 48. Rf7+ Ke6 49. Rf6+ Ke7 50. Rd6 Nc3 51. f5 Rxh3+ 52. Kf4 Rxh2
53. f6+ Ke8 54. e6 Rf2+ 55. Ke5 Re2+ 56. Kf5 Rf2+ 57. Ke5 Re2+ 58. Kf5 Rf2+ 59.
Ke5 1/2-1/2

[Event "FIDE Grand Prix 1213"]
[Site "Parigi"]
[Date "25.09.2013"]
[Round "4"]
[White "Dominguez Perez, Leinier"]
[Black "Giri, Anish"]
[Result "1-0"]
[WhiteTitle "GM"]
[BlackTitle "GM"]
[WhiteElo "2757"]
[BlackElo "2737"]
[WhiteFideId "3503240"]
[BlackFideId "24116068"]
[EventDate "2013.09.22"]

1. e4 e5 2. Nf3 Nc6 3. Bb5 a6 4. Ba4 Nf6 5. O-O b5 6. Bb3 Bc5 7. Nc3 O-O 8. d3
h6 9. Nd5 d6 10. c3 Rb8 11. d4 Ba7 12. Be3 Nxd5 13. Bxd5 Ne7 14. dxe5 Bxe3 15.
fxe3 Nxd5 16. exd5 dxe5 17. Nxe5 Bb7 18. Qd4 Re8 19. Rad1 Qg5 20. Nc6 Bxc6 21.
dxc6 Rb6 22. Rf3 Rxc6 23. Qd7 Rce6 24. Qxf7+ Kh7 25. Rg3 R8e7 26. Qxe6 Rxe6 27.
Rxg5 hxg5 28. Kf2 Kg6 29. Rd5 Rf6+ 30. Ke2 c6 31. Rc5 Kh5 32. e4 Kg4 33. Ke3 Re6
34. h3+ Kh4 35. g3+ Kxh3 36. Rxg5 g6 37. e5 Kg2 38. Ke4 Kf2 39. Rg4 Kg2 40. Rf4 1-0

[Event "FIDE Grand Prix 1213"]
[Site "Parigi"]
[Date "25.09.2013"]
[Round "4"]
[White "Bacrot, Etienne"]
[Black "Gelfand, Boris"]
[Result "1/2-1/2"]
[WhiteTitle "GM"]
[BlackTitle "GM"]
[WhiteElo "2723"]
[BlackElo "2764"]
[WhiteFideId "605506"]
[BlackFideId "2805677"]
[EventDate "2013.09.22"]

1. e4 c5 2. Nf3 Nc6 3. Bb5 e6 4. O-O Nge7 5. Re1 a6 6. Bf1 d5 7. exd5 Nxd5 8. d4
Nf6 9. Be3 Be7 10. c4 O-O 11. Nc3 cxd4 12. Nxd4 Ne5 13. h3 Bd7 14. Qb3 Qc7 15.
Rad1 Rfd8 16. Nc2 Bc5 17. Bxc5 Qxc5 18. Qb4 Qxb4 19. Nxb4 Nc6 20. Nd3 Be8 21.
Nc5 Rxd1 22. Rxd1 b6 23. N5e4 Nxe4 24. Nxe4 Kf8 25. f4 Ke7 26. Kf2 a5 27. Ke3
Nb4 28. Nc3 a4 29. Be2 Rc8 30. Rd2 Rc5 31. Ne4 Rc7 32. Nc3 Rc5 33. Ne4 Rc7 34.
Nc3 1/2-1/2

[Event "FIDE Grand Prix 1213"]
[Site "Parigi"]
[Date "02.10.2013"]
[Round "9"]
[White "Dominguez Perez, Leinier"]
[Black "Fressinet, Laurent"]
[Result "1/2-1/2"]
[WhiteTitle "GM"]
[BlackTitle "GM"]
[WhiteElo "2757"]
[BlackElo "2708"]
[WhiteFideId "3503240"]
[BlackFideId "608742"]
[EventDate "2013.09.22"]

1. e4 e5 2. Nf3 Nc6 3. Bb5 Nf6 4. O-O Nxe4 5. d4 Nd6 6. Bxc6 dxc6 7. dxe5 Nf5 8.
Qxd8+ Kxd8 9. h3 Bd7 10. Rd1 Ke8 11. Nc3 h6 12. Bf4 Rd8 13. g4 Ne7 14. Nd4 Ng6
15. Bg3 h5 16. f3 Bc5 17. Ne4 Bxd4+ 18. Rxd4 hxg4 19. hxg4 Ke7 20. Kf2 b6 21.
Ra4 Ra8 22. e6 fxe6 23. Ng5 e5 24. Re1 Kf6 25. Ne4+ Kf7 26. Ng5+ Kf6 27. Ne4+
Kf7 28. Ra3 c5 29. Ng5+ Kf6 30. Ne4+ Kf7 31. Rae3 Rae8 32. Ng5+ Kf6 33. Ne4+ Kf7
34. Ng5+ Kf6 35. Ne4+ 1/2-1/2

[Event "FIDE Grand Prix 1213"]
[Site "Parigi"]
[Date "02.10.2013"]
[Round "9"]
[White "Gelfand, Boris"]
[Black "Ivanchuk, Vassily"]
[Result "1/2-1/2"]
[WhiteTitle "GM"]
[BlackTitle "GM"]
[WhiteElo "2764"]
[BlackElo "2731"]
[WhiteFideId "2805677"]
[BlackFideId "14100010"]
[EventDate "2013.09.22"]

1. d4 d5 2. c4 c6 3. Nf3 Nf6 4. e3 a6 5. Nc3 b5 6. c5 g6 7. Ne5 Bg7 8. f4 a5 9.
Be2 h5 10. O-O Bf5 11. Bf3 Qc7 12. Nd3 Nbd7 13. Nf2 e6 14. Bd2 Ke7 15. Be1 a4
16. Nd3 Ng4 17. Bxg4 Bxd3 18. Be2 Bxe2 19. Nxe2 Kf8 20. Bh4 Bf6 21. Bxf6 Nxf6
22. Nc1 Kg7 23. Nd3 Ne4 24. Nf2 Nxf2 25. Rxf2 f5 26. h4 Qe7 27. g3 Ra6 28. Qe1
Rha8 29. Rc1 Qd8 30. Kg2 Qa5 1/2-1/2

[Event "FIDE Grand Prix 1213"]
[Site "Parigi"]
[Date "02.10.2013"]
[Round "9"]
[White "Giri, Anish"]
[Black "Caruana, Fabiano"]
[Result "1/2-1/2"]
[WhiteTitle "GM"]
[BlackTitle "GM"]
[WhiteElo "2737"]
[BlackElo "2779"]
[WhiteFideId "24116068"]
[BlackFideId "2020009"]
[EventDate "2013.09.22"]

1. d4 d6 2. e4 Nf6 3. f3 c5 4. d5 e6 5. c4 exd5 6. cxd5 Be7 7. Bd3 O-O 8. Ne2
Nbd7 9. O-O Rb8 10. a4 a6 11. Nec3 Ne5 12. Be2 Ne8 13. f4 Ng6 14. Na3 f5 15.
exf5 Bxf5 16. Nc4 Bf6 17. Kh1 Bd4 18. Ne3 Ne7 19. Bf3 g6 20. Ne2 Bg7 21. Ra2 b5
22. axb5 axb5 23. b4 Qb6 24. Bb2 Bxb2 25. Rxb2 c4 26. Qd2 Ra8 27. Nc3 Nc7 28.
Re1 Rae8 29. Be4 Bxe4 30. Nxe4 Nf5 31. Nxf5 Rxf5 32. g4 Rf7 33. Rbb1 Qb8 34. g5
Qd8 35. Nf6+ Rxf6 36. gxf6 Qxf6 37. Rxe8+ Nxe8 38. Qe3 Nc7 39. Re1 Nxd5 40. Qa7
Qf7 41. Qb8+ Kg7 42. Qxd6 Kh6 43. Qd8 Nxf4 44. Qh4+ Nh5 45. Qe4 Nf4 46. Rf1 g5
47. Qf3 Qh5 48. Qa8 Ng6 49. Qc6 Qe2 50. Qg2 Qe6 51. Qf3 Qe7 52. Rg1 Nh4 53. Qd5
Qf6 54. Re1 Ng6 55. Qe4 Qf2 56. Qe3 Qf5 57. Qe4 Qf6 58. Qg4 Qc6+ 59. Qg2 Qd7 60.
Qf3 Qd2 61. Rd1 Qxb4 62. Qh3+ Nh4 63. Qe6+ Ng6 64. Qh3+ Nh4 65. Qe6+ Ng6 1/2-1/2

[Event "FIDE Grand Prix 1213"]
[Site "Parigi"]
[Date "02.10.2013"]
[Round "9"]
[White "Tomashevsky, Evgeny"]
[Black "Grischuk, Alexander"]
[Result "1/2-1/2"]
[WhiteTitle "GM"]
[BlackTitle "GM"]
[WhiteElo "2703"]
[BlackElo "2785"]
[WhiteFideId "4147235"]
[BlackFideId "4126025"]
[EventDate "2013.09.22"]

1. d4 Nf6 2. c4 g6 3. Nc3 Bg7 4. e4 d6 5. h3 O-O 6. Bg5 c5 7. d5 e6 8. Bd3 exd5
9. cxd5 b5 10. Nf3 b4 11. Ne2 Qe8 12. Nd2 Nbd7 13. O-O Ne5 14. Bc2 Ba6 15. Re1
Nd3 16. Bxd3 Bxd3 17. Nf4 Bb5 18. e5 dxe5 19. Bxf6 Bxf6 20. Ne4 Bg7 21. Nd3 Rd8
22. Ndxc5 Bc6 23. d6 Kh8 24. Rc1 h6 25. Re2 f5 26. d7 Bxd7 27. Rd2 fxe4 28. Rxd7
e3 29. fxe3 e4 30. Rxd8 Qxd8 31. Ne6 Qxd1+ 32. Rxd1 Rc8 33. Nxg7 Kxg7 34. Rd7+
Kf6 35. Rxa7 Rc1+ 36. Kh2 Re1 37. Ra6+ Ke5 38. Ra5+ Ke6 39. Rb5 Rxe3 40. Rxb4
Ke5 41. Rb8 Re1 42. b4 e3 43. b5 Kd4 44. b6 e2 45. Re8 Kd3 46. b7 Rb1 47. Rd8+
Kc3 48. Re8 Kd2 49. Rd8+ Kc3 50. Re8 Kd2 51. Rd8+ 1/2-1/2